MARC

LEADER 00000nam0a2200000 4500
001 317824
005 20231102003020.0
035 |a (RuTPU)RU\TPU\book\343292 
090 |a 317824 
100 |a 20160414d1968 m y0rusy50 ca 
101 0 |a rus 
102 |a RU 
105 |a a z 001zb 
200 1 |a Николай Шенгелая  |f К. Д. Церетели 
210 |a Москва  |c Искусство  |d 1968 
215 |a 88 с.  |c ил. 
320 |a Фильмография: с. 86-88 
600 1 |a Шенгелая  |b Н. М.  |c кинорежиссёр и кинодраматург. Заслуженный деятель искусств РСФСР (1935). Лауреат Сталинской премии второй степени (1941).  |f 1903-1943  |g Николай Михайлович  |2 stltpush  |3 (RuTPU)RU\TPU\pers\36696 
606 1 |a Режиссура  |2 stltpush  |3 (RuTPU)RU\TPU\subj\24361  |9 48719 
610 1 |a кинематография 
610 1 |a кинофильмы 
610 1 |a постановка 
610 1 |a СССР 
610 1 |a Грузия 
675 |a 792.071.1  |v 4 
700 1 |a Церетели  |b К. Д.  |g Кора Давидовна 
801 1 |a RU  |b 63413507  |c 20160414 
801 2 |a RU  |b 63413507  |c 20160520  |g RCR 
942 |c BK